Principles of macroeconomics, second Canadian edition. Study guide (Record no. 2889)

000 -LEADER
fixed length control field 00591nam a2200193 4500
003 - CONTROL NUMBER IDENTIFIER
control field OSt
005 - DATE AND TIME OF LATEST TRANSACTION
control field 20210723074828.0
008 - FIXED-LENGTH DATA ELEMENTS--GENERAL INFORMATION
fixed length control field 210723b ||||| |||| 00| 0 eng d
020 ## - INTERNATIONAL STANDARD BOOK NUMBER
International Standard Book Number 9780130422491
040 ## - CATALOGING SOURCE
Transcribing agency ALUPE UNIVERSITY
050 ## - LIBRARY OF CONGRESS CALL NUMBER
Classification number HB172
Item number .M32 2002
100 ## - MAIN ENTRY--PERSONAL NAME
Personal name Beveridge, Thomas M.
245 ## - TITLE STATEMENT
Title Principles of macroeconomics, second Canadian edition. Study guide
Statement of responsibility, etc. Thomas M Beveridge; et al
250 ## - EDITION STATEMENT
Edition statement 2nd Canadian ed.
260 ## - PUBLICATION, DISTRIBUTION, ETC.
Place of publication, distribution, etc. Toronto :
Name of publisher, distributor, etc. Prentice Hall Canada,
Date of publication, distribution, etc. ©2002.
300 ## - PHYSICAL DESCRIPTION
Extent 420 p. :
Other physical details ill. ;
Dimensions 28 cm.
650 ## - SUBJECT ADDED ENTRY--TOPICAL TERM
Topical term or geographic name entry element Macroeconomics.
942 ## - ADDED ENTRY ELEMENTS (KOHA)
Source of classification or shelving scheme
Koha item type Book
Suppress in OPAC SO
Holdings
Withdrawn status Lost status Source of classification or shelving scheme Damaged status Not for loan Permanent Location Current Location Shelving location Date acquired Total Checkouts Full call number Barcode Date last seen Price effective from Koha item type Public note
          AU LIBRARY AU LIBRARY Open Shelf 23.07.2021   HB172 .M32 2002 28001056 23.07.2021 23.07.2021 Book SO

Powered by Koha